<?xml version="1.0" encoding="UTF-8"?>
<record
    xmlns:xsi="http://www.w3.org/2001/XMLSchema-instance"
    xsi:schemaLocation="http://www.loc.gov/MARC21/slim http://www.loc.gov/standards/marcxml/schema/MARC21slim.xsd"
    xmlns="http://www.loc.gov/MARC21/slim">

  <leader>00802nam a22001337a 4500</leader>
  <datafield tag="040" ind1=" " ind2=" ">
    <subfield code="c">RUA</subfield>
  </datafield>
  <datafield tag="082" ind1=" " ind2=" ">
    <subfield code="a">AGR CHA 2017 B663 Or.1</subfield>
  </datafield>
  <datafield tag="100" ind1=" " ind2=" ">
    <subfield code="a">CHAY BAIYA &#x1786;&#x17B6;&#x1799; &#x1794;&#x17C9;&#x17C3;&#x1799;&#x17C9;&#x17B6;</subfield>
  </datafield>
  <datafield tag="245" ind1=" " ind2=" ">
    <subfield code="a">&#x1794;&#x17D2;&#x179A;&#x17C0;&#x1794;&#x1792;&#x17C0;&#x1794;&#x1792;&#x17D2;&#x1799;&#x17BC;&#x1784;&#x17A2;&#x1784;&#x17D2;&#x1780;&#x17B6;&#x1798;&#x1780;&#x17D2;&#x1793;&#x17BB;&#x1784;&#x1780;&#x1798;&#x17D2;&#x179A;&#x17B7;&#x178F;&#x1795;&#x17D2;&#x179F;&#x17C1;&#x1784;&#x17D7;&#x1782;&#x17D2;&#x1793;&#x17B6;&#x179B;&#x17BE;&#x178A;&#x17B6;&#x17C6;&#x178E;&#x17B6;&#x17C6;&#x1781;&#x17D2;&#x1791;&#x17B9;&#x1798;&#x179F;&#x17D2;&#x179B;&#x17B9;&#x1780;&#x1793;&#x17C5;&#x179F;&#x17D2;&#x1790;&#x17B6;&#x1793;&#x17B8;&#x1799;&#x178A;&#x17C6;&#x178E;&#x17B6;&#x17C6;&#x179F;&#x17B6;&#x1780;&#x179B;&#x179C;&#x17B7;&#x1791;&#x17D2;&#x1799;&#x17B6;&#x179B;&#x17D0;&#x1799;&#x1797;&#x17BC;&#x1798;&#x17B7;&#x1793;&#x17D2;&#x1791;&#x1780;&#x179F;&#x17B7;&#x1780;&#x1798;&#x17D2;&#x1798; comp arison of different rates of rice husk charcoal on spring onion ( allium fistulosum) at royal university of agriculture </subfield>
  </datafield>
  <datafield tag="260" ind1=" " ind2=" ">
    <subfield code="a">RUA</subfield>
    <subfield code="b">Phnom penh</subfield>
    <subfield code="c">2017</subfield>
  </datafield>
  <datafield tag="300" ind1=" " ind2=" ">
    <subfield code="a">xi;38p</subfield>
    <subfield code="b">ill;</subfield>
    <subfield code="c">29cm</subfield>
  </datafield>
  <datafield tag="856" ind1=" " ind2=" ">
    <subfield code="u">https://drive.google.com/file/d/16e1WrV91J8C_eS80IDDIyBpRhJzmh0Q4/view?usp=sharing</subfield>
  </datafield>
  <datafield tag="942" ind1=" " ind2=" ">
    <subfield code="c">AGR</subfield>
  </datafield>
  <datafield tag="999" ind1=" " ind2=" ">
    <subfield code="c">19228</subfield>
    <subfield code="d">19228</subfield>
  </datafield>
  <datafield tag="952" ind1=" " ind2=" ">
    <subfield code="0">0</subfield>
    <subfield code="1">0</subfield>
    <subfield code="2">ddc</subfield>
    <subfield code="4">0</subfield>
    <subfield code="6">AGR_CHA_2017_000000000000000_B663_OR_1</subfield>
    <subfield code="7">0</subfield>
    <subfield code="9">84367</subfield>
    <subfield code="a">LBB</subfield>
    <subfield code="b">LBB</subfield>
    <subfield code="c">B663</subfield>
    <subfield code="d">2020-05-20</subfield>
    <subfield code="o">AGR CHA 2017 B663 Or.1</subfield>
    <subfield code="p">A064607</subfield>
    <subfield code="r">2020-05-20</subfield>
    <subfield code="w">2020-05-20</subfield>
    <subfield code="y">AGR</subfield>
  </datafield>
  <datafield tag="952" ind1=" " ind2=" ">
    <subfield code="0">0</subfield>
    <subfield code="1">0</subfield>
    <subfield code="2">ddc</subfield>
    <subfield code="4">0</subfield>
    <subfield code="6">AGR_CHA_2017_000000000000000_B663_OR_2</subfield>
    <subfield code="7">0</subfield>
    <subfield code="9">84368</subfield>
    <subfield code="a">LBB</subfield>
    <subfield code="b">LBB</subfield>
    <subfield code="c">B663</subfield>
    <subfield code="d">2020-05-20</subfield>
    <subfield code="o">AGR CHA 2017 B663 Or.2</subfield>
    <subfield code="p">A43143</subfield>
    <subfield code="r">2020-05-20</subfield>
    <subfield code="w">2020-05-20</subfield>
    <subfield code="y">AGR</subfield>
  </datafield>
  <datafield tag="952" ind1=" " ind2=" ">
    <subfield code="0">0</subfield>
    <subfield code="1">0</subfield>
    <subfield code="2">ddc</subfield>
    <subfield code="4">0</subfield>
    <subfield code="6">AGR_CHA_2017_000000000000000_B663_OR_3</subfield>
    <subfield code="7">0</subfield>
    <subfield code="9">84369</subfield>
    <subfield code="a">LBB</subfield>
    <subfield code="b">LBB</subfield>
    <subfield code="c">B663</subfield>
    <subfield code="d">2020-05-20</subfield>
    <subfield code="o">AGR CHA 2017 B663 Or.3</subfield>
    <subfield code="p">A43568</subfield>
    <subfield code="r">2020-05-20</subfield>
    <subfield code="w">2020-05-20</subfield>
    <subfield code="y">AGR</subfield>
  </datafield>
  <datafield tag="952" ind1=" " ind2=" ">
    <subfield code="0">0</subfield>
    <subfield code="1">0</subfield>
    <subfield code="2">ddc</subfield>
    <subfield code="4">0</subfield>
    <subfield code="6">AGR_CHA_2017_000000000000000_B663_OR_4</subfield>
    <subfield code="7">0</subfield>
    <subfield code="9">84370</subfield>
    <subfield code="a">LBB</subfield>
    <subfield code="b">LBB</subfield>
    <subfield code="c">B663</subfield>
    <subfield code="d">2020-05-20</subfield>
    <subfield code="o">AGR CHA 2017 B663 Or.4</subfield>
    <subfield code="p">A43093</subfield>
    <subfield code="r">2020-05-20</subfield>
    <subfield code="w">2020-05-20</subfield>
    <subfield code="y">AGR</subfield>
  </datafield>
  <datafield tag="952" ind1=" " ind2=" ">
    <subfield code="0">0</subfield>
    <subfield code="1">0</subfield>
    <subfield code="2">ddc</subfield>
    <subfield code="4">0</subfield>
    <subfield code="6">AGR_CHA_2017_000000000000000_B663_OR_5</subfield>
    <subfield code="7">0</subfield>
    <subfield code="9">84371</subfield>
    <subfield code="a">LBB</subfield>
    <subfield code="b">LBB</subfield>
    <subfield code="c">B663</subfield>
    <subfield code="d">2020-05-20</subfield>
    <subfield code="o">AGR CHA 2017 B663 Or.5</subfield>
    <subfield code="p">A064543</subfield>
    <subfield code="r">2020-05-20</subfield>
    <subfield code="w">2020-05-20</subfield>
    <subfield code="y">AGR</subfield>
  </datafield>
  <datafield tag="952" ind1=" " ind2=" ">
    <subfield code="0">0</subfield>
    <subfield code="1">0</subfield>
    <subfield code="2">ddc</subfield>
    <subfield code="4">0</subfield>
    <subfield code="6">AGR_CHA_2017_000000000000000_B663_OR_6</subfield>
    <subfield code="7">0</subfield>
    <subfield code="9">84372</subfield>
    <subfield code="a">LBB</subfield>
    <subfield code="b">LBB</subfield>
    <subfield code="c">B663</subfield>
    <subfield code="d">2020-05-20</subfield>
    <subfield code="o">AGR CHA 2017 B663 Or.6</subfield>
    <subfield code="p">A064483</subfield>
    <subfield code="r">2020-05-20</subfield>
    <subfield code="w">2020-05-20</subfield>
    <subfield code="y">AGR</subfield>
  </datafield>
</record>
